<?xml version="1.0" encoding="UTF-8"?><?xml-stylesheet type="text/xsl" href="static/style.xsl"?><OAI-PMH xmlns="http://www.openarchives.org/OAI/2.0/" xmlns:xsi="http://www.w3.org/2001/XMLSchema-instance" xsi:schemaLocation="http://www.openarchives.org/OAI/2.0/ http://www.openarchives.org/OAI/2.0/OAI-PMH.xsd"><responseDate>2026-04-26T22:08:14Z</responseDate><request verb="GetRecord" identifier="oai:uvadoc.uva.es:10324/32080" metadataPrefix="marc">https://uvadoc.uva.es/oai/request</request><GetRecord><record><header><identifier>oai:uvadoc.uva.es:10324/32080</identifier><datestamp>2021-06-29T22:38:34Z</datestamp><setSpec>com_10324_38</setSpec><setSpec>col_10324_852</setSpec></header><metadata><record xmlns="http://www.loc.gov/MARC21/slim" xmlns:doc="http://www.lyncode.com/xoai" xmlns:xsi="http://www.w3.org/2001/XMLSchema-instance" xmlns:dcterms="http://purl.org/dc/terms/" xsi:schemaLocation="http://www.loc.gov/MARC21/slim http://www.loc.gov/standards/marcxml/schema/MARC21slim.xsd">
<leader>00925njm 22002777a 4500</leader>
<datafield tag="042" ind1=" " ind2=" ">
<subfield code="a">dc</subfield>
</datafield>
<datafield tag="720" ind1=" " ind2=" ">
<subfield code="a">Zazo Vay, Rubén</subfield>
<subfield code="e">author</subfield>
</datafield>
<datafield tag="260" ind1=" " ind2=" ">
<subfield code="c">2018</subfield>
</datafield>
<datafield tag="520" ind1=" " ind2=" ">
<subfield code="a">Este trabajo se encuadra dentro de una línea de investigación que se está desarrollando en nuestro grupo de trabajo, enfocada a diseñar procesos de ciclación enantioselectiva para la obtención de esteroides no naturales. Se han ensayado nuevos organocatalizadores derivados de α-aminoácidos: 1,2-diaminas quirales que, vía enamina, permitan fijar la configuración de C-17 en la construcción de los anillos C y D del futuro esteroide. Su desarrollo se aplicará a la síntesis de los anillos C y D esteroideos, controlando la configuración del centro quiral en la fusión de ciclos. Todo el proceso sintético implica el desarrollo de una vía sintética para disponer de una diamina quiral, con dos grupos amino diferenciados y un centro quiral responsable de conferir asimetría al proceso de construcción del ciclo.</subfield>
</datafield>
<datafield tag="024" ind2=" " ind1="8">
<subfield code="a">http://uvadoc.uva.es/handle/10324/32080</subfield>
</datafield>
<datafield tag="245" ind1="0" ind2="0">
<subfield code="a">Preparación de diaminas quirales y ensayos de su acción como catalizadores en ciclaciones asimétricas</subfield>
</datafield>
</record></metadata></record></GetRecord></OAI-PMH>